Tagalog Quiz - Common Words & Greetings - Statistics

General Stats
  • This quiz has been taken 275 times
  • The average score is 13 of 16
Answer Stats
Tagalog English % Correct
Oo Yes
96%
Maganda Umaga Good Morning
95%
Hindi No
95%
Kayo You (Plural)
94%
Ikaw You
93%
Magandang Hapon Good Afternoon
92%
Ako I
90%
Sya He/She
89%
Magandang Gabi Good Evening
87%
Sige Okay
83%
Kami We (Excluding you)
72%
Tayo We (Including you)
72%
Siguro/Baka Maybe
71%
Sila They
71%
Pasensya/Patawad Sorry
65%
Syempre Of course!
64%
No matching quizzes found
Score Distribution
Percent of People with Each Score
Percentile by Number Answered
Your Score History
You have not taken this quiz